000 01151naa a22002897a 4500
001 BR9402089
003 BR-BrBNA
005 20250721155442.0
007 ta
008 250630b bl.|||m| |||| 00| 0 por d
040 _aBR-BrBNA
_bpor
_cBiblioteca Nacional de Agricultura
041 _a(Pt)
072 _aK10
090 _aK10 BR9402089
100 1 _aMarques, L.C.T.
111 1 _a1. Simposio do Tropico Umido
_cBelem, PA (Brazil)
_d12-17 Nov 1984
245 1 _aInfluencia da epoca de repicagem e poda radicular na formacao de mudas de Didymopanax morototoni (Aublet.)Decne (morototo)- fase de viveiro
500 _a1. Simposio do Tropico Umido. Anais. Vol. 2 Belem, PA (Brasil): 1986. p. 415-422 [Summaries (En, Pt); 5 tables; 16 ref.] (BR9402089-AMS)
773 0 _t1. Simposio do Tropico Umido. Anais. Vol. 2
_wK10 BR9402089
_gBelem, PA (Brasil), 1986. p. 415-422
650 _aMorototo
650 _aMuda
650 _aPoda
650 _aRegiao Amazonica
490 _aDocumentos - Centro de Pesquisa Agropecuaria do Tropico Umido (Brazil)
_vno. 36
_xISSN 0101-2835
942 _cAMS
_2AGRIS
909 _a202506
_bLúcia
_c55
_dLúcia Elande
999 _c336574
_d336574